| 000 | 00563nam a22001817a 4500 | ||
|---|---|---|---|
| 999 |
_c19297 _d19297 |
||
| 003 | AR-CdUCM | ||
| 008 | 190517b ||||| |||| 00| 0 spa d | ||
| 040 |
_aMUNICIPALIDAD PROVINCIAL DEL CUSCO _cBIBLIOTECA MUNICIPAL DEL CUSCO |
||
| 082 |
_a985.009 / _bP43 |
||
| 100 |
_aPerez Bonany, Alfonso _940559 |
||
| 245 | _aManual L.de Videurre / | ||
| 260 |
_aLima : _bBiblioteca hombres del PerĂș, _c1964. |
||
| 300 |
_a144 paginas ; _c20 cm. |
||
| 505 | _aContenido :BiografĂas / | ||
| 650 |
_aBiografias _9148 |
||
| 942 |
_2ddc _cLIBROS |
||
| 945 |
_arjall _d2019-05-17 |
||